MARC

LEADER 00000nam0a2200000 4500
001 69689
005 20231031080019.0
035 |a (RuTPU)RU\TPU\book\74192 
090 |a 69689 
100 |a 20041028d1972 km y0rusy50 ca 
101 0 |a rus 
102 |a RU 
105 |a a z 001zy 
200 1 |a Термодинамика жидкометаллических МГД-преобразователей  |f Д. Д. Калафати, В. Б. Козлов 
210 |a Москва  |c Атомиздат  |d 1972 
215 |a 190 с.  |c ил. 
320 |a Библиогр.: с. 184-188 
610 1 |a жидкометаллические теплоносители 
610 1 |a МГД-преобразователи 
610 1 |a термодинамика 
610 1 |a тепловые схемы 
610 1 |a термодинамические циклы 
610 1 |a тепловая энергия 
610 1 |a преобразование 
610 1 |a электрическая энергия 
675 |a 621.313.5  |v 3 
700 1 |a Калафати  |b Д. Д.  |g Дмитрий Дмитриевич 
701 1 |a Козлов  |b В. Б.  |g Владимир Борисович 
801 1 |a RU  |b 63413507  |c 20041028  |g PSBO 
801 2 |a RU  |b 63413507  |c 20150402  |g PSBO 
942 |c BK